La anarquia argentina y el caudillismo : estudio psicológico de los orígenes argentinos /

Guardado en:
Autor Principal: Ayarragaray, Lucas
Formato: Libro
Idioma:Spanish
Publicado: Buenos Aires : J. Lajouane & Cía, Librería Nacional
Edición:2. ed.
Materias:
Etiquetas: Agregar Etiqueta
Sin Etiquetas, Sea el primero en etiquetar este registro!
LEADER 00777nam a22002415a 4500
001 EHU.bham030021
003 AR-BHAM
005 20080225163514.0
005 20061027104523.0
008 810311s1925####xx############000#0#spa#d
010 |a unk80016194 
082 3 0 |a 301.155 
100 1 |a Ayarragaray, Lucas 
245 1 0 |a La anarquia argentina y el caudillismo :  |b estudio psicológico de los orígenes argentinos /  |c  Lucas Ayarragaray 
250 |a 2. ed. 
260 |a Buenos Aires :  |b J. Lajouane & Cía, Librería Nacional 
300 |a 293 p. 
653 |a Sociología argentina 
653 |a Anarquía argentina 
653 |a Caudillismo argentino 
653 |a Política argentina-historia de la 
859 |a AR-BHAM  |b BIB. HUMANIDADES - General  |h 301.155  |i Ay15  |p 592.07  |t Ej.1